000 00346 a2200109 4500
001 ART_42301
005 20260410161807.0
008 260409a
245 1 0 _aLa remuneración de los funcionarios en los concursos
100 1 _aBarreiro, Marcelo G.
773 0 _tDoctrina Societaria y Concursal
_g- Nº 280 (mar. 2011)
_wREV4298
999 _c21117
_d21117